Microsoft Words for Windows 2 made easy
| Main Author: | |
|---|---|
| Format: | Book |
| Published: |
Berkeley :
Osborne McGraw-Hill ,
1992
|
| Subjects: |
MARC
| LEADER | 00000cam a2200000 7i4500 | ||
|---|---|---|---|
| 001 | 0000004357 | ||
| 002 | 000004682 | ||
| 005 | 20000330.0 | ||
| 020 | |a 0078817706 | ||
| 090 | 0 | 0 | |a 652.5 |b HOF |
| 100 | 1 | |a Hoffman, Paul | |
| 245 | 1 | 0 | |a Microsoft Words for Windows 2 made easy |c Paul Hoffman |
| 260 | |a Berkeley : |b Osborne McGraw-Hill , |c 1992 | ||
| 300 | |a 303p. ; |c 25cm. | ||
| 650 | 0 | 0 | |a Microsoft Word for Windows 2 |
| 650 | 0 | 0 | |a Word processing |
| 999 | |a 032988 |b BUKU |c PINJAMAN |e PERPUSTAKAAN KOMUNITI PETALING JAYA | ||
| 999 | |a 032989 |b BUKU |c PINJAMAN |e PERPUSTAKAAN KOMUNITI PETALING JAYA | ||